| Tag |
First Indicator |
Second Indicator |
Subfields |
| LEADER |
00000cam a2200000Ia 4500 |
| 001 |
in00002031521 |
| 005 |
20220105141943.0 |
| 006 |
m d |
| 007 |
cr cn- |
| 008 |
021216s2003 nyu sb 001 0 eng d |
| 020 |
|
|
|a 0585434514 (electronic bk.)
|
| 035 |
|
|
|a (OCoLC)ocm51232020
|
| 040 |
|
|
|a N$T
|c N$T
|d OCLCQ
|d UtOrBLW
|
| 049 |
|
|
|a IICN
|
| 050 |
1 |
4 |
|a QH601.2
|b .N836 2003eb
|
| 082 |
0 |
4 |
|a 571.6/6
|2 21
|
| 245 |
0 |
0 |
|a Nuclear envelope dynamics in embryos and somatic cells /
|c [edited by] Philippe Collas.
|
| 264 |
|
1 |
|a Georgetown, Tex. :
|b Landes Bioscience/Eurekah.com ;
|a New York, N.Y. :
|b Kluwer Academic/Plenum Publishers,
|c 2003.
|
| 300 |
|
|
|a 174 pages
|
| 336 |
|
|
|a text
|b txt
|2 rdacontent
|
| 337 |
|
|
|a computer
|b c
|2 rdamedia
|
| 338 |
|
|
|a online resource
|b cr
|2 rdacarrier
|
| 490 |
1 |
|
|a Molecular biology intelligence unit ;
|v 23
|
| 504 |
|
|
|a Includes bibliographical references and index.
|
| 533 |
|
|
|a Electronic reproduction.
|b Boulder, Colo. :
|c NetLibrary,
|d 2002.
|n Available via World Wide Web.
|n Access may be limited to NetLibrary affiliated libraries.
|
| 500 |
|
|
|a Electronic resource.
|
| 650 |
|
0 |
|a Nuclear membranes.
|0 http://id.loc.gov/authorities/subjects/sh85093016
|
| 650 |
|
0 |
|a Membrane proteins.
|0 http://id.loc.gov/authorities/subjects/sh85083471
|
| 655 |
|
7 |
|a Electronic books.
|2 local
|
| 700 |
1 |
|
|a Collas, Philippe,
|d 1966-
|0 http://id.loc.gov/authorities/names/n2002159634
|
| 710 |
2 |
|
|a NetLibrary, Inc.
|0 http://id.loc.gov/authorities/names/no99080690
|
| 776 |
1 |
|
|c Original
|z 0306474395
|w (DLC) 2002040691
|w (OCoLC)50958884
|
| 830 |
|
0 |
|a Molecular biology intelligence unit ;
|v 23.
|0 http://id.loc.gov/authorities/names/n2001127732
|
| 856 |
4 |
1 |
|u https://proxy.library.tamu.edu/login?url=http://www.netLibrary.com/urlapi.asp?action=summary&v=1&bookid=74253
|z Connect to the full text of this electronic book
|t 0
|
| 994 |
|
|
|a 92
|b IIC
|
| 999 |
|
|
|a MARS
|
| 999 |
f |
f |
|s e07aee25-1746-3e2a-a96f-18fecd3b4af9
|i 35665900-78e8-3720-8835-9f18bee56404
|t 0
|
| 952 |
f |
f |
|a Texas A&M University
|b College Station
|c Electronic Resources
|d Available Online
|t 0
|e QH601.2 .N836 2003eb
|h Library of Congress classification
|
| 998 |
f |
f |
|a QH601.2 .N836 2003eb
|t 0
|l Available Online
|